000 00690nam a22001697a 4500
020 _qHard Cover.
082 _a621.3
100 _aAmina Eman Shorish, Muhammd Momin Salman, Ramsha Zameer, Warda Bomete Masna
245 _aNeoSense : Neonatal Vital Sensing and Diagnostics /
_cAmina Eman Shorish, Muhammd Momin Salman, Ramsha Zameer, Warda Bomete Masna
260 _aIslamabad :
_bSEECS - NUST,
_c2019.
300 _a50 p. : ill. ;
_c30cm.
650 _aElectrical Engineering-Project Report
_930780
700 _aDr. Syed Ali Hassan.
_919591
856 _uhttp://10.250.8.41:8080/xmlui/handle/123456789/29573
942 _2ddc
_cPR
999 _c535897
_d535897